Click U.S. States on the Map by Flags - Statistics

General Stats
  • This quiz has been taken 331 times
  • The average score is 32 of 50
Answers on the Map
Answers color-coded by a green-red scale on the quiz's map according to % correct below.
 
Answer Stats
Answer % Correct
85%
85%
84%
83%
82%
81%
81%
80%
79%
78%
78%
77%
77%
76%
76%
74%
72%
72%
71%
70%
69%
69%
68%
68%
67%
67%
65%
63%
63%
63%
61%
59%
58%
56%
54%
54%
53%
53%
51%
51%
49%
48%
48%
47%
46%
46%
44%
41%
40%
38%
No matching quizzes found
Score Distribution
Percent of People with Each Score
Percentile by Number Answered
Your Score History
You have not taken this quiz